000 01057nam a2200349Ia 4500
005 20250425160758.0
008 250425s9999 xx 000 0 und d
020 _a9681802748
041 _aspa
043 _amx
082 _a658.3
100 _aREYES PONCE, AGUSTIN
245 0 _aADMINISTRACION DE PERSONAL
250 _a1A ED.
260 _aMEXICO
260 _aMéxico
_bLIMUSA
_c1986
300 _a239
500 _aESTE LIBRO TIENE DOS PARTES LA PARTE UNO TIENE COMO TITULO:ADMINISTRACION DE PERSONAL RELACIONES HUMANASLA PARTE DOS TIENE COMO TITULO:ADMINISTRACION PERSONAL SUELDOS Y SALARIOS. PERTENECE ACTUALMENTE A LA ESPAE Y ESTA CON LOS NUMEROS DE INVENTARIOS
650 _aADMINISTRACION DE PERSONAL
650 _aAUDITORIA
650 _aESTABILIDAD
650 _aINCENTIVOS MONETARIOS
650 _aORGANIZACION
650 _aPLANIFICACION
650 _aRELACIONES HUMANAS
650 _aSALARIOS
650 _aSEGURIDAD INDUSTRIAL
650 _aVALUACION
710 _aLIMUSA
942 _c01
010 _a5029
999 _c195971
_d195971